000 00473nam a2200181Ia 4500
008 240925s9999 xx 000 0 und d
020 _a9780743468602
082 _a158.4 COV
100 _aCovey, Stephen R.
245 0 _aPrinciple Centred Leadership
250 _a1st
260 _aLondon:
_bFrances Pinter
_cNA
300 _aVarious pages
_bNA
_fOriginal
500 _aIncludes Index
600 _aHumanities & Natural Science
650 _aPsychology
942 _cBK
999 _c17219
_d17219